[Event "Reykjavik op"]
[Site "Reykjavik"]
[Date "2019.04.11"]
[Round "5"]
[White "Stefansson, Benedikt"]
[Black "Opasiak, Dustin Tennessee"]
[Result "1-0"]
[WhiteElo "1395"]
[BlackElo "1768"]
[PlyCount "165"]
[EventDate "2019.04.08"]
[EventType "swiss"]
[EventRounds "9"]
[EventCountry "ISL"]
[SourceTitle "CBM 189 Extra"]
[Source "ChessBase"]
[SourceDate "2019.06.03"]
[SourceVersion "1"]
[SourceVersionDate "2019.06.03"]
[SourceQuality "1"]

1. e4 e6 2. d4 d5 3. Nd2 Nc6 4. Ngf3 Nf6 5. e5 Nd7 6. Bd3 f6 7. Ng5 Ndxe5 8. dxe5 fxg5 9. Qh5+ Kd7 10. Nf3 g6 11. Qxg5 Bg7 12. Bb5 Qe7 13. 0-0 Qb4 14. c4 a6 15. a3 Qf8 16. cxd5 exd5 17. Bxc6+ Kxc6 18. Bd2 Be6 19. Nd4+ Kd7 20. Nxe6 Kxe6 21. Qg4+ Qf5 22. Qxf5+ Kxf5 23. f4 Ke6 24. Rac1 c6 25. Bc3 Rhf8 26. h4 Rf7 27. g3 Bf8 28. Bd4 Be7 29. b4 h6 30. Rf3 g5 31. hxg5 hxg5 32. Rcf1 gxf4 33. Rxf4 Rxf4 34. gxf4 Kf5 35. Kg2 Rg8+ 36. Kf3 Rg4 37. Be3 Bh4 38. Rh1 Rg3+ 39. Ke2 Rg2+ 40. Kd3 Kg4 41. e6 Bf6 42. Rh7 Rb2 43. Bc1 Rb3+ 44. Ke2 Rh3 45. Rf7 Rh2+ 46. Kd1 Rh1+ 47. Kc2 Kf5 48. Rxb7 Kxe6 49. Rb6 Kd6 50. Rxa6 Rh3 51. b5 Rc3+ 52. Kd2 Rc5 53. a4 Kc7 54. Ba3 Rc4 55. Rxc6+ Rxc6 56. bxc6 Kxc6 57. Kd3 Bg7 58. Bb4 Kb6 59. a5+ Kb5 60. Bc3 Bf8 61. f5 Be7 62. Ke3 Bg5+ 63. Kf3 d4 64. Bxd4 Kxa5 65. Ke4 Kb5 66. Kd5 Bh4 67. Ke6 Kc6 68. Bf6 Be1 69. Bg5 Bc3 70. Bf4 Bg7 71. Be5 Bh6 72. f6 Bf8 73. Bf4 Ba3 74. Kf7 Kd7 75. Kg8 Ke6 76. f7 Kf6 77. Bc1 Bb4 78. Bb2+ Kg6 79. Bg7 Ba3 80. Bf8 Bc1 81. Bd6 Bh6 82. Bf4 Bg7 83. Bg5 1-0

[Event "Reykjavik op"]
[Site "Reykjavik"]
[Date "2019.04.09"]
[Round "2"]
[White "Muhr, Andreas"]
[Black "Stefansson, Benedikt"]
[Result "1/2-1/2"]
[WhiteElo "1686"]
[BlackElo "1395"]
[PlyCount "128"]
[EventDate "2019.04.08"]
[EventType "swiss"]
[EventRounds "9"]
[EventCountry "ISL"]
[SourceTitle "CBM 189 Extra"]
[Source "ChessBase"]
[SourceDate "2019.06.03"]
[SourceVersion "1"]
[SourceVersionDate "2019.06.03"]
[SourceQuality "1"]

1. Nf3 e6 2. b3 d5 3. Bb2 Nf6 4. e3 b6 5. Ne5 Bd6 6. g4 Bb7 7. Bg2 h6 8. h4 Nbd7 9. Nxd7 Qxd7 10. c4 0-0-0 11. Nc3 dxc4 12. Bxb7+ Kxb7 13. Qf3+ Kb8 14. bxc4 Ba3 15. 0-0-0 Bxb2+ 16. Kxb2 Qd3 17. c5 Nd5 18. a3 Nxc3 19. dxc3 Qb5+ 20. Kc2 Qxc5 21. Qxf7 Qxa3 22. Qxe6 Rhe8 23. Qc4 Qe7 24. Rxd8+ Rxd8 25. e4 Qd7 26. Qe2 Qe6 27. Ra1 Re8 28. f3 Qf6 29. Qa6 Qxf3 30. Qxa7+ Kc8 31. Qa6+ Kd7 32. Qd3+ Qxd3+ 33. Kxd3 Rf8 34. Ke3 Ke6 35. Ra7 Rf7 36. Ra8 Kf6 37. Rd8 g5 38. hxg5+ hxg5 39. Rd5 Rh7 40. Rf5+ Kg6 41. Rf3 Rf7 42. Rf5 Rd7 43. Rf1 Rh7 44. e5 Rh3+ 45. Kd4 Rg3 46. Rf6+ Kg7 47. Rc6 Rxg4+ 48. Kd5 Kf8 49. Rxc7 Rg3 50. Ke6 g4 51. Rf7+ Ke8 52. c4 Rg1 53. Rb7 Kd8 54. Rxb6 Kc7 55. Rd6 g3 56. Rd7+ Kc8 57. Rg7 g2 58. c5 Kd8 59. c6 Kc8 60. Rg4 Kc7 61. Rg3 Kxc6 62. Rc3+ Kb5 63. Rc2 Kb4 64. Rf2 Kc4 1/2-1/2

[Event "Reykjavik op"]
[Site "Reykjavik"]
[Date "2018.03.11"]
[Round "6"]
[White "Stefansson, Benedikt"]
[Black "Kurt, Herbert"]
[Result "0-1"]
[WhiteElo "1297"]
[BlackElo "1682"]
[PlyCount "70"]
[EventDate "2018.03.06"]
[EventType "swiss"]
[EventRounds "9"]
[EventCountry "ISL"]
[SourceTitle "CBM 183 Extra"]
[Source "ChessBase"]
[SourceDate "2018.04.19"]
[SourceVersion "1"]
[SourceVersionDate "2018.04.19"]
[SourceQuality "1"]

1. d4 f5 2. g3 Nf6 3. Bg2 g6 4. c4 Bg7 5. Nc3 0-0 6. Qb3 c6 7. e3 Kh8 8. Nf3 d6 9. 0-0 Qe8 10. Qc2 Nbd7 11. b3 e5 12. Ba3 e4 13. Bxd6 exf3 14. Bxf8 fxg2 15. Bxg7+ Kxg7 16. Kxg2 Qe6 17. Rfe1 Ne4 18. d5 Qe7 19. d6 Nxd6 20. e4 f4 21. Qd2 fxg3 22. hxg3 Kg8 23. Rad1 Nf7 24. f4 Nf8 25. Qd4 Bg4 26. Rd2 Qb4 27. Qe3 a5 28. e5 Ne6 29. Ne4 Bf5 30. Nf6+ Kg7 31. g4 Nh6 32. Rd7+ Kf8 33. Nxh7+ Kg8 34. Nf6+ Kf8 35. Qh3 Nxf4+ 0-1